LEADER 00958nam 2200361 450 001 990000888340203316 010 $a88-452-2150-4 035 $a0088834 035 $aUSA010088834 035 $a(ALEPH)000088834USA01 035 $a0088834 100 $a20020121d1993----km-y0itay0103----ba 101 $aita 102 $aIT 105 $a||||||||001yy 200 1 $a<> qualità televisiva$fCarlo Sartori 210 $aMilano$cBompiani$d1993 215 $a321 p.$d23 cm 410 $12001 461 1$1001-------$12001 606 0 $aTelevisione$xAspetti sociali 676 $a302.2345 700 1$aSARTORI,$bCarlo$0143121 801 0$aIT$bsalbc$gISBD 912 $a990000888340203316 951 $aXV A 195$bLM$cXV A 959 $aBK 969 $aUMA 979 $aPATTY$b90$c20020121$lUSA01$h1156 979 $c20020403$lUSA01$h1733 979 $aPATRY$b90$c20040406$lUSA01$h1701 996 $aQualità televisiva$9814219 997 $aUNISA LEADER 01002nam0-2200313---450 001 990008440570403321 005 20240220142617.0 010 $a88-8467-310-0 035 $a000844057 035 $aFED01000844057 035 $a(Aleph)000844057FED01 100 $a20061218d2006----km-y0itay50------ba 101 0 $aita 102 $aIT 105 $aa-------001yy 200 1 $aQuante lingue per l'Europa?$elaurea honoris causa in lingue e letterature moderne euroamericane, Cagliari 8 novembre 2005$fHarald Weinrich$gcon una bibliografia ragionata dell'autore a cura di Franca Ortu 210 $aCagliari$cCUEC$dc2006 215 $a95 p.$cill.$d24 cm 610 0 $aLingue$aEuropa 676 $a410.94 700 1$aWeinrich,$bHarald$f<1927- >$0132589 702 1$aOrtu,$bFranca 801 0$aIT$bUNINA$gRICA$2UNIMARC 901 $aBK 912 $a990008440570403321 952 $a404.4 WEIN 01$bBibl.54833$fFLFBC 959 $aFLFBC 996 $aQuante lingue per l'Europa$9727498 997 $aUNINA LEADER 03807nam 22006855 450 001 9910300139503321 005 20251113191825.0 010 $a3-319-91998-9 024 7 $a10.1007/978-3-319-91998-0 035 $a(CKB)4100000006519778 035 $a(DE-He213)978-3-319-91998-0 035 $a(MiAaPQ)EBC6226828 035 $z(PPN)258851155 035 $a(PPN)230539300 035 $a(EXLCZ)994100000006519778 100 $a20180907d2018 u| 0 101 0 $aeng 135 $aurnn|008mamaa 181 $ctxt$2rdacontent 182 $cc$2rdamedia 183 $acr$2rdacarrier 200 10$aAlgebras and Representation Theory /$fby Karin Erdmann, Thorsten Holm 205 $a1st ed. 2018. 210 1$aCham :$cSpringer International Publishing :$cImprint: Springer,$d2018. 215 $a1 online resource (IX, 298 p. 59 illus.) 225 1 $aSpringer Undergraduate Mathematics Series,$x2197-4144 311 08$a3-319-91997-0 327 $a1 Introduction -- 2 Algebras -- 3 Modules and Representations -- 4 Simple Modules in the Jordan-Hölder Theorem -- 5 Semisimple Modules and Semisimple Algebras -- 6 The Structure of Semisimple ALgebras - The Artin-Wedderburn Theorem -- 7 Semisimple Group Algebras and Maschke's Theorem -- 8 Indecomposable Modules -- 9 Representation Type -- 10 Representations of Quivers -- 11 Diagrams and Roots -- 12 Gabriel's Theorem -- 13 Proofs and Background -- 14 Appendix A: Induced Modules for Group Algebras -- 15 Appendix B: Solutions to Selected Exercises -- Index. 330 $aThis carefully written textbook provides an accessible introduction to the representation theory of algebras, including representations of quivers. The book starts with basic topics on algebras and modules, covering fundamental results such as the Jordan-Hölder theorem on composition series, the Artin-Wedderburn theorem on the structure of semisimple algebras and the Krull-Schmidt theorem on indecomposable modules. The authors then go on to study representations of quivers in detail, leading to a complete proof of Gabriel's celebrated theorem characterizing the representation type of quivers in terms of Dynkin diagrams. Requiring only introductory courses on linear algebra and groups, rings and fields, this textbook is aimed at undergraduate students. With numerous examples illustrating abstract concepts, and including more than 200 exercises (with solutions to about a third of them), the book provides an example-driven introduction suitable for self-study and use alongside lecture courses. 410 0$aSpringer Undergraduate Mathematics Series,$x2197-4144 606 $aAssociative rings 606 $aAssociative algebras 606 $aCommutative algebra 606 $aCommutative rings 606 $aGroup theory 606 $aAlgebra, Homological 606 $aAssociative Rings and Algebras 606 $aCommutative Rings and Algebras 606 $aGroup Theory and Generalizations 606 $aCategory Theory, Homological Algebra 615 0$aAssociative rings. 615 0$aAssociative algebras. 615 0$aCommutative algebra. 615 0$aCommutative rings. 615 0$aGroup theory. 615 0$aAlgebra, Homological. 615 14$aAssociative Rings and Algebras. 615 24$aCommutative Rings and Algebras. 615 24$aGroup Theory and Generalizations. 615 24$aCategory Theory, Homological Algebra. 676 $a512 700 $aErdmann$b Karin$4aut$4http://id.loc.gov/vocabulary/relators/aut$059925 702 $aHolm$b Thorsten$4aut$4http://id.loc.gov/vocabulary/relators/aut 801 0$bMiAaPQ 801 1$bMiAaPQ 801 2$bMiAaPQ 906 $aBOOK 912 $a9910300139503321 996 $aAlgebras and Representation Theory$92053546 997 $aUNINA